[Event "Cancun Camara Cup 11th"]
[Site "Cancun"]
[Date "2023.10.15"]
[Round "8"]
[White "Avila Rodriguez, Joshua Ad"]
[Black "Abarca Gonzalez, Damaris"]
[Result "1-0"]
[WhiteElo "2206"]
[BlackElo "1984"]
[PlyCount "109"]
[EventDate "2023.10.11"]
[EventType "swiss"]
[EventRounds "9"]
[EventCountry "MEX"]
[SourceTitle "Mega2024 Update 01"]
[Source "Chessbase"]
[SourceDate "2023.11.12"]
[SourceVersion "1"]
[SourceVersionDate "2023.11.12"]
[SourceQuality "1"]

1. e4 e5 2. Nf3 Nc6 3. Bb5 a6 4. Ba4 Nf6 5. 0-0 b5 6. Bb3 d6 7. Re1 Na5 8. d4 Nxb3 9. axb3 Bb7 10. dxe5 dxe5 11. Qxd8+ Rxd8 12. Nxe5 Nxe4 13. f3 Bc5+ 14. Kf1 Bf2 15. Rxe4 Bxe4 16. Kxf2 Bxc2 17. Nd2 Rd6 18. Ng4 0-0 19. Ne3 Rfd8 20. Ne4 Rc6 21. b4 Bxe4 22. fxe4 Re8 23. Kf3 Rf6+ 24. Nf5 Rfe6 25. Bd2 Rxe4 26. Rxa6 f6 27. Bc3 Rc4 28. Ne3 Rh4 29. h3 Rhe4 30. Nd5 Rc4 31. Ra7 c6 32. Ne3 Rce4 33. Nf5 Kf8 34. Rxg7 Re3+ 35. Nxe3 Kxg7 36. Ng4 Kg6 37. Nxf6 Rd8 38. Ng4 Kf5 39. Ne3+ Ke6 40. g4 Rf8+ 41. Kg3 Rd8 42. h4 Rd7 43. g5 Rc7 44. Kg4 c5 45. bxc5 Rxc5 46. Kh5 Rc7 47. Kh6 Rb7 48. h5 b4 49. Bg7 Rd7 50. Kxh7 Rd3 51. g6 Rxe3 52. Bd4 Rg3 53. h6 b3 54. g7 Kf7 55. Kh8 1-0

[Event "Cancun Camara Cup 11th"]
[Site "Cancun"]
[Date "2023.10.14"]
[Round "7"]
[White "Abarca Gonzalez, Damaris"]
[Black "Hernandez Gil, Ineymig"]
[Result "1/2-1/2"]
[WhiteElo "1984"]
[BlackElo "2170"]
[PlyCount "100"]
[EventDate "2023.10.11"]
[EventType "swiss"]
[EventRounds "9"]
[EventCountry "MEX"]
[SourceTitle "Mega2024 Update 01"]
[Source "Chessbase"]
[SourceDate "2023.11.12"]
[SourceVersion "1"]
[SourceVersionDate "2023.11.12"]
[SourceQuality "1"]

1. e4 c6 2. d4 d5 3. Nc3 dxe4 4. Nxe4 Bf5 5. Ng3 Bg6 6. Nf3 Nd7 7. h4 h6 8. h5 Bh7 9. Bd3 Bxd3 10. Qxd3 e6 11. c3 Ngf6 12. Ne4 Be7 13. Nxf6+ Nxf6 14. Qe2 Qa5 15. Ne5 Rd8 16. Be3 0-0 17. Rh3 c5 18. Kf1 cxd4 19. Bxd4 Qc7 20. Re1 Bc5 21. Qc4 Rd5 22. Bxc5 Rxc5 23. Qe2 Rd8 24. c4 Rd4 25. Re3 a5 26. b3 b5 27. Nf3 Rxh5 28. g3 Rd8 29. cxb5 Rc5 30. Ne5 Rc2 31. Qf3 Rdd2 32. R3e2 Rxa2 33. Qc6 Qxc6 34. bxc6 Nd5 35. Rxd2 Rxd2 36. Ra1 Rb2 37. Rxa5 Rxb3 38. Ra8+ Kh7 39. Nxf7 Kg6 40. Nd8 Kf6 41. Ra7 Rc3 42. Rf7+ Kg6 43. Rd7 Kf6 44. Rf7+ Kg6 45. Rf8 Ne7 46. Rf7 Nd5 47. Rd7 Kf6 48. Ke2 Ne7 49. c7 Nd5 50. Rf7+ Kg6 1/2-1/2

[Event "Cancun Camara Cup 11th"]
[Site "Cancun"]
[Date "2023.10.11"]
[Round "1"]
[White "Abarca Gonzalez, Damaris"]
[Black "Ibarra Chami, Luis Fernando"]
[Result "0-1"]
[WhiteElo "1984"]
[BlackElo "2442"]
[PlyCount "68"]
[EventDate "2023.10.11"]
[EventType "swiss"]
[EventRounds "9"]
[EventCountry "MEX"]
[SourceTitle "Mega2024 Update 01"]
[Source "Chessbase"]
[SourceDate "2023.11.12"]
[SourceVersion "1"]
[SourceVersionDate "2023.11.12"]
[SourceQuality "1"]

1. e4 c5 2. Nc3 Nc6 3. g3 g6 4. Bg2 Bg7 5. d3 d6 6. Be3 e6 7. Qd2 Nd4 8. Nd1 e5 9. c3 Ne6 10. Ne2 Ne7 11. Bh6 0-0 12. h4 f6 13. Bxg7 Nxg7 14. Ne3 Be6 15. Nd5 Nxd5 16. exd5 Bg4 17. f3 Bd7 18. 0-0 b5 19. Kh2 Qb6 20. Bh3 Bxh3 21. Kxh3 Rab8 22. b3 c4 23. g4 f5 24. d4 Rbe8 25. bxc4 bxc4 26. Rab1 Qa5 27. dxe5 dxe5 28. Kg2 Qc5 29. Rb7 fxg4 30. f4 Nf5 31. Rh1 exf4 32. Nxf4 Ne3+ 33. Kg3 Rxf4 34. Kxf4 Qd6+ 0-1

[Event "CHI-ch (Women)"]
[Site "Santiago de Chile"]
[Date "2023.02.18"]
[Round "9"]
[White "Izquierdo Garces, Rosario"]
[Black "Abarca Gonzalez, Damaris"]
[Result "1/2-1/2"]
[WhiteElo "1572"]
[BlackElo "2074"]
[PlyCount "81"]
[EventDate "2023.02.11"]
[EventType "tourn"]
[EventRounds "11"]
[EventCountry "CHI"]
[SourceTitle "CBM 212 Extra"]
[Source "ChessBase"]
[SourceDate "2023.03.31"]
[SourceVersion "1"]
[SourceVersionDate "2023.03.31"]
[SourceQuality "1"]

1. e4 c5 2. d4 cxd4 3. Nf3 a6 4. Nxd4 e5 5. Nf5 d5 6. Qf3 Nf6 7. Bd3 Nc6 8. 0-0 d4 9. Bg5 Be6 10. Nd2 h6 11. Bh4 g5 12. Bg3 h5 13. h4 g4 14. Qe2 Bh6 15. Nc4 Bxc4 16. Bxc4 Qc7 17. b4 b5 18. Bb3 Rd8 19. a4 Qb7 20. axb5 axb5 21. Rfd1 Bf4 22. Bxf4 exf4 23. e5 f3 24. Qe1 Ng8 25. Nd6+ Rxd6 26. exd6+ Kf8 27. Bd5 Rh6 28. Rxd4 Rxd6 29. Bxc6 Qxc6 30. Rxd6 Qxd6 31. Ra8+ Kg7 32. Qc3+ Nf6 33. Ra1 fxg2 34. Kxg2 Kg6 35. Qd3+ Qxd3 36. cxd3 Nd5 37. Ra6+ f6 38. d4 Nxb4 39. Rb6 Nc2 40. d5 b4 41. Ra6 1/2-1/2

[Event "CHI-ch (Women)"]
[Site "Santiago de Chile"]
[Date "2023.02.15"]
[Round "6"]
[White "Abarca Gonzalez, Damaris"]
[Black "Morales Flores, Monserrat"]
[Result "1/2-1/2"]
[WhiteElo "2074"]
[BlackElo "1927"]
[PlyCount "33"]
[EventDate "2023.02.11"]
[EventType "tourn"]
[EventRounds "11"]
[EventCountry "CHI"]
[SourceTitle "CBM 212 Extra"]
[Source "ChessBase"]
[SourceDate "2023.03.31"]
[SourceVersion "1"]
[SourceVersionDate "2023.03.31"]
[SourceQuality "1"]

1. e4 c5 2. Nf3 e6 3. d4 cxd4 4. Nxd4 a6 5. Bd3 g6 6. c4 Bg7 7. Be3 Ne7 8. Nc3 0-0 9. 0-0 d5 10. exd5 exd5 11. cxd5 Nxd5 12. Nxd5 Qxd5 13. Be2 Nd7 14. Bf3 Qd6 15. Nf5 Qxd1 16. Ne7+ Kh8 17. Rb1 1/2-1/2

[Event "CHI-ch (Women)"]
[Site "Santiago de Chile"]
[Date "2023.02.14"]
[Round "5"]
[White "Aguilera Merlet, Melisa Paz"]
[Black "Abarca Gonzalez, Damaris"]
[Result "1/2-1/2"]
[WhiteElo "1630"]
[BlackElo "2074"]
[PlyCount "110"]
[EventDate "2023.02.11"]
[EventType "tourn"]
[EventRounds "11"]
[EventCountry "CHI"]
[SourceTitle "CBM 212 Extra"]
[Source "ChessBase"]
[SourceDate "2023.03.31"]
[SourceVersion "1"]
[SourceVersionDate "2023.03.31"]
[SourceQuality "1"]

1. e4 e5 2. Nf3 Nc6 3. Bb5 a6 4. Bxc6 dxc6 5. 0-0 f6 6. d4 exd4 7. Nxd4 c5 8. Nb3 Qxd1 9. Rxd1 Bd6 10. Na5 b5 11. c4 Ne7 12. Nc3 0-0 13. Be3 Rb8 14. Nd5 Nxd5 15. cxd5 Re8 16. Nc6 Ra8 17. f3 Bd7 18. Rac1 c4 19. Kf2 Kf7 20. g3 h5 21. h4 Rg8 22. Bd4 Rae8 23. a4 g5 24. hxg5 Bxc6 25. dxc6 Rxg5 26. f4 Rg4 27. axb5 axb5 28. e5 fxe5 29. Bxe5 Bxe5 30. fxe5 Ke6 31. Rd7 Rc8 32. Rcd1 Rg5 33. Rh7 Rf5+ 34. Kg2 Rxe5 35. Rh6+ Kf7 36. Rd7+ Kg8 37. Rg6+ Kh8 38. Rh6+ Kg8 39. Rhh7 Re2+ 40. Kh3 b4 41. Rhg7+ Kf8 42. Rgf7+ Ke8 43. Rh7 Rf2 44. Rh8+ Rf8 45. Rxh5 Rf2 46. Rh8+ Rf8 47. Rh4 Rf2 48. Rxc4 Rxb2 49. Rh4 Rf2 50. Rxb4 Rc2 51. Re4+ Kf8 52. Rh4 Kg8 53. Rg4+ Kf8 54. Re4 Kg8 55. Re6 Rc4 1/2-1/2

[Event "CHI-ch (Women)"]
[Site "Santiago de Chile"]
[Date "2023.02.13"]
[Round "4"]
[White "Abarca Gonzalez, Damaris"]
[Black "Carmona Munoz, Veronica"]
[Result "1-0"]
[WhiteElo "2074"]
[BlackElo "1530"]
[PlyCount "105"]
[EventDate "2023.02.11"]
[EventType "tourn"]
[EventRounds "11"]
[EventCountry "CHI"]
[SourceTitle "CBM 212 Extra"]
[Source "ChessBase"]
[SourceDate "2023.03.31"]
[SourceVersion "1"]
[SourceVersionDate "2023.03.31"]
[SourceQuality "1"]

1. e4 b6 2. d4 Bb7 3. Nc3 e6 4. a3 Nf6 5. Bd3 d5 6. e5 Ne4 7. Nce2 f5 8. exf6 Nxf6 9. Nf3 Bd6 10. 0-0 0-0 11. Ng3 h6 12. Re1 Qc8 13. c3 Ba6 14. Bb1 c5 15. Ne5 cxd4 16. cxd4 Nbd7 17. Nh5 Bxe5 18. dxe5 Nxh5 19. Qxh5 Qe8 20. Bg6 Qe7 21. Re3 Qg5 22. Qxg5 hxg5 23. Re1 g4 24. Bh5 d4 25. Bxg4 Bc4 26. f4 Nc5 27. Rd1 Rad8 28. g3 Nb3 29. Rb1 Nc5 30. Bd2 Bb3 31. Re1 Bc2 32. Rbc1 Bh7 33. Bb4 Nd3 34. Bxe6+ Kh8 35. Bxf8 Nxe1 36. Bxg7+ Kxg7 37. Rxe1 d3 38. f5 Kh6 39. Kf2 Kg5 40. Rd1 Bxf5 41. Bxf5 Kxf5 42. Ke3 Kxe5 43. Rxd3 Rh8 44. Rd2 Kf5 45. Kf3 Rh7 46. h4 Ke5 47. Ke3 Rg7 48. Rg2 a5 49. g4 b5 50. g5 b4 51. axb4 axb4 52. h5 Kf5 53. g6 1-0

[Event "CHI-ch (Women)"]
[Site "Santiago de Chile"]
[Date "2023.02.12"]
[Round "2"]
[White "Abarca Gonzalez, Damaris"]
[Black "Cortes Arias, Mariela Natalia"]
[Result "1-0"]
[WhiteElo "2074"]
[BlackElo "1716"]
[PlyCount "89"]
[EventDate "2023.02.11"]
[EventType "tourn"]
[EventRounds "11"]
[EventCountry "CHI"]
[SourceTitle "CBM 212 Extra"]
[Source "ChessBase"]
[SourceDate "2023.03.31"]
[SourceVersion "1"]
[SourceVersionDate "2023.03.31"]
[SourceQuality "1"]

1. c4 g6 2. Nc3 Bg7 3. g3 e5 4. Bg2 d6 5. d3 f5 6. h4 Nf6 7. Nd5 h6 8. Bd2 c6 9. Nxf6+ Qxf6 10. Qc1 Be6 11. Rb1 Qf7 12. b3 Nd7 13. Nf3 Nf6 14. a3 Ng4 15. Nh2 Nxh2 16. Rxh2 f4 17. gxf4 0-0 18. Bf3 exf4 19. Bc3 Rae8 20. Kd2 d5 21. Qb2 Bxc3+ 22. Qxc3 Rd8 23. Kc2 Qf6 24. Rg1 Qxc3+ 25. Kxc3 d4+ 26. Kd2 Bf5 27. Be4 Kh7 28. Rhg2 Rd6 29. f3 Bxe4 30. dxe4 c5 31. Kd3 Re8 32. h5 g5 33. b4 Re5 34. Rb1 b6 35. Rgg1 Rd7 36. bxc5 Rxc5 37. Rb5 Rc6 38. Rd5 Rcd6 39. Kxd4 Rxd5+ 40. cxd5 Rc7 41. d6 Rc2 42. Rd1 Rc8 43. d7 Rd8 44. Ke5 Kg8 45. Ke6 1-0

[Event "CHI-ch (Women)"]
[Site "Santiago de Chile"]
[Date "2023.02.12"]
[Round "3"]
[White "Lemus Pena, Macarena"]
[Black "Abarca Gonzalez, Damaris"]
[Result "0-1"]
[WhiteElo "1785"]
[BlackElo "2074"]
[PlyCount "78"]
[EventDate "2023.02.11"]
[EventType "tourn"]
[EventRounds "11"]
[EventCountry "CHI"]
[SourceTitle "CBM 212 Extra"]
[Source "ChessBase"]
[SourceDate "2023.03.31"]
[SourceVersion "1"]
[SourceVersionDate "2023.03.31"]
[SourceQuality "1"]

1. c4 c6 2. Nf3 Nf6 3. Nc3 d5 4. e3 a6 5. d4 dxc4 6. Bxc4 b5 7. Bb3 e6 8. 0-0 Nbd7 9. Ne5 Bb7 10. a3 c5 11. Qe2 Nxe5 12. dxe5 Nd7 13. f4 Qc7 14. Bc2 c4 15. Rd1 Nc5 16. e4 Be7 17. Be3 0-0 18. Qg4 Rfd8 19. Qg3 Rxd1+ 20. Rxd1 Rd8 21. Rxd8+ Qxd8 22. f5 g6 23. f6 Bf8 24. Qf2 Qc7 25. Qd2 Qxe5 26. Qd8 Qd6 27. Qxd6 Bxd6 28. e5 Bf8 29. Kf1 Nd7 30. Bf4 Bc5 31. Ne2 Bb6 32. g4 Bc7 33. g5 Bxe5 34. Bxe5 Nxe5 35. Nd4 h6 36. h4 hxg5 37. hxg5 Kf8 38. Ke2 Ke8 39. Ke3 Kd7 0-1

[Event "CHI-ch (Women)"]
[Site "Santiago de Chile"]
[Date "2023.02.11"]
[Round "1"]
[White "Romero Troncoso, Liset Anais"]
[Black "Abarca Gonzalez, Damaris"]
[Result "0-1"]
[WhiteElo "1693"]
[BlackElo "2074"]
[PlyCount "54"]
[EventDate "2023.02.11"]
[EventType "tourn"]
[EventRounds "11"]
[EventCountry "CHI"]
[SourceTitle "CBM 212 Extra"]
[Source "ChessBase"]
[SourceDate "2023.03.31"]
[SourceVersion "1"]
[SourceVersionDate "2023.03.31"]
[SourceQuality "1"]

1. e4 c5 2. c3 Nc6 3. d4 cxd4 4. cxd4 d5 5. exd5 Qxd5 6. Nf3 e6 7. a3 Nf6 8. Nc3 Qd8 9. Bd3 a6 10. 0-0 Be7 11. Bc2 b5 12. Qd3 Bb7 13. Re1 Rc8 14. b4 Bxb4 15. axb4 Nxb4 16. Qd2 Nxc2 17. Qxc2 Nd5 18. Bd2 b4 19. Qb3 bxc3 20. Qxb7 cxd2 21. Nxd2 0-0 22. Nf3 a5 23. Qb5 Ra8 24. h3 Qb6 25. Qd3 h6 26. Ne5 Ra7 27. Reb1 Qa6 0-1

[Event "Online Olym Div2 E"]
[Site "Chess.com INT"]
[Date "2021.09.03"]
[Round "6.1"]
[White "Abarca Gonzalez, Damaris"]
[Black "Chirivi Castiblanco, Jenny Astrid"]
[Result "0-1"]
[WhiteElo "2047"]
[BlackElo "2124"]
[PlyCount "126"]
[EventDate "2021.09.02"]
[EventType "team (rapid)"]
[EventRounds "9"]
[EventCountry "USA"]
[SourceTitle "CBM 204 Extra"]
[Source "ChessBase"]
[SourceDate "2021.11.30"]
[SourceVersion "1"]
[SourceVersionDate "2021.11.30"]
[SourceQuality "1"]
[WhiteTeam "Chile"]
[BlackTeam "Colombia"]
[WhiteTeamCountry "CHI"]
[BlackTeamCountry "COL"]

1. e4 c5 2. Nc3 a6 3. g3 b5 4. Bg2 Bb7 5. d3 d6 6. Be3 Nf6 7. h3 e6 8. Nge2 Qc7 9. 0-0 b4 10. Nb1 Nc6 11. f4 Be7 12. Nd2 Nd7 13. f5 exf5 14. Rxf5 Bf6 15. c3 0-0 16. Rf2 a5 17. Rc1 Ne7 18. d4 Rac8 19. Rf1 Ba6 20. Re1 Rfe8 21. Nf4 g6 22. Bf1 Qb7 23. Bxa6 Qxa6 24. Nf3 bxc3 25. bxc3 cxd4 26. cxd4 Rxc1 27. Bxc1 Bg7 28. Qa4 Rd8 29. Ba3 Nb6 30. Qb3 a4 31. Qd3 Qxd3 32. Nxd3 Nc4 33. Bb4 Nc6 34. Bc3 Na3 35. Rc1 Nb5 36. e5 dxe5 37. Ndxe5 Ncxd4 38. Bxd4 Nxd4 39. Nxd4 Rxd4 40. Rc8+ Bf8 41. Ng4 Kg7 42. Rc2 Be7 43. Ne5 Bf6 44. Nc6 Rd3 45. Kg2 h5 46. Nb4 Rd6 47. Re2 Bc3 48. Nc2 Rd3 49. Ne3 a3 50. Nc4 Bb4 51. Ne5 Rd5 52. Nc6 Bd6 53. Rc2 Rd3 54. g4 hxg4 55. hxg4 Rg3+ 56. Kf2 Rxg4 57. Rd2 Bc5+ 58. Kf3 Rc4 59. Rd7 Rc3+ 60. Kg2 Rc2+ 61. Kf3 Rxa2 62. Ne5 Rf2+ 63. Kg3 a2 0-1

[Event "Online Olym Div2 E"]
[Site "Chess.com INT"]
[Date "2021.09.02"]
[Round "1.3"]
[White "Zavala Galindo, Alejandra Beatriz"]
[Black "Abarca Gonzalez, Damaris"]
[Result "1/2-1/2"]
[WhiteElo "1740"]
[BlackElo "2047"]
[PlyCount "67"]
[EventDate "2021.09.02"]
[EventType "team (rapid)"]
[EventRounds "9"]
[EventCountry "USA"]
[SourceTitle "CBM 204 Extra"]
[Source "ChessBase"]
[SourceDate "2021.11.30"]
[SourceVersion "1"]
[SourceVersionDate "2021.11.30"]
[SourceQuality "1"]
[WhiteTeam "El Salvador"]
[BlackTeam "Chile"]
[WhiteTeamCountry "ESA"]
[BlackTeamCountry "CHI"]

1. e4 e5 2. Nf3 Nc6 3. Bb5 a6 4. Bxc6 dxc6 5. Nc3 Bd6 6. d4 exd4 7. Qxd4 f6 8. Be3 Be6 9. Na4 b6 10. Rd1 Ne7 11. Nxb6 cxb6 12. Qxd6 Qxd6 13. Rxd6 Kf7 14. b3 b5 15. Nd4 Bg4 16. f3 c5 17. Nc6 Nxc6 18. Rxc6 Bd7 19. Rxc5 Rhc8 20. Kd2 Rxc5 21. Bxc5 f5 22. Re1 fxe4 23. Rxe4 Bf5 24. Re7+ Kf6 25. Rc7 Rd8+ 26. Kc3 Rd5 27. Bd4+ Ke6 28. Bxg7 Rd1 29. g4 Bg6 30. Rc6+ Kd5 31. Rc8 Ke6 32. Rc6+ Kd5 33. Rc8 Ke6 34. Rc6+ 1/2-1/2

[Event "Online Olym Div2 D"]
[Site "Chess.com INT"]
[Date "2020.08.16"]
[Round "9.3"]
[White "Kanyamarala, Trisha"]
[Black "Abarca Gonzalez, Damaris"]
[Result "1-0"]
[WhiteElo "2223"]
[BlackElo "1649"]
[PlyCount "221"]
[EventDate "2020.08.14"]
[EventType "team-tourn (rapid)"]
[EventRounds "9"]
[EventCountry "USA"]
[SourceTitle "CBM 198"]
[Source "ChessBase"]
[SourceDate "2020.10.31"]
[SourceVersion "1"]
[SourceVersionDate "2020.10.31"]
[SourceQuality "1"]
[WhiteTeam "Ireland"]
[BlackTeam "Chile"]
[WhiteTeamCountry "IRL"]
[BlackTeamCountry "CHI"]

1. d4 d5 2. c4 c6 3. cxd5 cxd5 4. Bf4 Nc6 5. e3 a6 6. Nc3 Nf6 7. Nf3 Bf5 8. a3 e6 9. Be2 Bd6 10. Bg5 h6 11. Bh4 0-0 12. 0-0 Rc8 13. Rc1 Be7 14. Na4 Nd7 15. Bg3 Na5 16. Nc5 Nxc5 17. dxc5 Nc4 18. Bxc4 dxc4 19. Rxc4 Rxc5 20. Rd4 Qc8 21. Nh4 Bc2 22. Qd2 Rd8 23. Nf3 Bf6 24. Rxd8+ Bxd8 25. b4 Rd5 26. Qc1 Qc4 27. Nd4 Bd3 28. Qxc4 Bxc4 29. Rc1 b5 30. f4 Bf6 31. Bf2 Rd7 32. h3 g5 33. g3 Kg7 34. Kg2 Kg6 35. Bg1 Bg7 36. Rc2 f5 37. Rd2 Bd5+ 38. Kf2 Rc7 39. g4 fxg4 40. hxg4 gxf4 41. exf4 Bxd4+ 42. Rxd4 Rc3 43. f5+ Kf6 44. fxe6 Kxe6 45. Rd2 Rxa3 46. Re2+ Kf6 47. Rd2 Be6 48. Rd4 Kg5 49. Bh2 Bxg4 50. Bf4+ Kf5 51. Be3 h5 52. Rf4+ Ke5 53. Rf8 h4 54. Rf4 h3 55. Rxg4 Ra2+ 56. Kg1 h2+ 57. Kh1 a5 58. bxa5 Rxa5 59. Kxh2 Ra2+ 60. Kg3 Ra3 61. Kf3 Kd5 62. Rg5+ Kc4 63. Rc5+ Kb4 64. Rc6 Ka4 65. Ra6+ Kb4 66. Rc6 Rc3 67. Rb6 Ka5 68. Rb8 b4 69. Ke2 Ka4 70. Bd2 Rc4 71. Kd3 Rg4 72. Kc2 Rc4+ 73. Kb2 Re4 74. Ra8+ Kb5 75. Kb3 Rg4 76. Rb8+ Kc6 77. Bxb4 Rg3+ 78. Ka4 Rg4 79. Kb3 Rg3+ 80. Bc3 Kc5 81. Rh8 Rg4 82. Rh5+ Kc6 83. Kc2 Rg3 84. Kb3 Rg4 85. Bd2 Rg3+ 86. Kc4 Rg4+ 87. Kd3 Rg3+ 88. Ke4 Rg4+ 89. Bf4 Rg2 90. Kd4 Rg6 91. Rc5+ Kb6 92. Rc2 Rg4 93. Ke5 Rg6 94. Be3+ Kb7 95. Kd5 Rf6 96. Bd4 Rh6 97. Be5 Rh5 98. Rb2+ Ka6 99. Kd6 Ka5 100. Kd5 Ka6 101. Kd4 Ka5 102. Bc7+ Ka4 103. Bd6 Ka5 104. Bc5 Ka6 105. Rb6+ Ka5 106. Rb8 Ka6 107. Kc4 Rh4+ 108. Bd4 Rg4 109. Rb6+ Ka5 110. Rb7 Ka6 111. Ra7# 1-0

[Event "Online Olym Div2 D"]
[Site "Chess.com INT"]
[Date "2020.08.15"]
[Round "5.3"]
[White "Injac, Teodora"]
[Black "Abarca Gonzalez, Damaris"]
[Result "1-0"]
[WhiteElo "2264"]
[BlackElo "1649"]
[PlyCount "41"]
[EventDate "2020.08.14"]
[EventType "team-tourn (rapid)"]
[EventRounds "9"]
[EventCountry "USA"]
[SourceTitle "CBM 198"]
[Source "ChessBase"]
[SourceDate "2020.10.31"]
[SourceVersion "1"]
[SourceVersionDate "2020.10.31"]
[SourceQuality "1"]
[WhiteTeam "Serbia"]
[BlackTeam "Chile"]
[WhiteTeamCountry "SRB"]
[BlackTeamCountry "CHI"]

1. d4 d5 2. c4 c6 3. Nf3 Nf6 4. Nbd2 dxc4 5. Nxc4 Bf5 6. Qb3 b5 7. Nce5 Be6 8. Qc2 Bd5 9. e3 Be4 10. Bd3 Bxd3 11. Qxd3 Qd5 12. 0-0 Nbd7 13. Bd2 e6 14. Rfc1 Rc8 15. Nxd7 Nxd7 16. e4 Qh5 17. a4 a6 18. axb5 axb5 19. Ra6 Nb8 20. Rb6 Bd6 21. Rxb5 1-0

[Event "Online Olym Div2 D"]
[Site "Chess.com INT"]
[Date "2020.08.14"]
[Round "3.3"]
[White "Abarca Gonzalez, Damaris"]
[Black "Stanford, Sheila Barth"]
[Result "1/2-1/2"]
[WhiteElo "1649"]
[BlackElo "2164"]
[PlyCount "112"]
[EventDate "2020.08.14"]
[EventType "team-tourn (rapid)"]
[EventRounds "9"]
[EventCountry "USA"]
[SourceTitle "CBM 198"]
[Source "ChessBase"]
[SourceDate "2020.10.31"]
[SourceVersion "1"]
[SourceVersionDate "2020.10.31"]
[SourceQuality "1"]
[WhiteTeam "Chile"]
[BlackTeam "Norway"]
[WhiteTeamCountry "CHI"]
[BlackTeamCountry "NOR"]

1. e4 c5 2. Nc3 Nc6 3. g3 g6 4. Bg2 Bg7 5. d3 e6 6. Be3 d6 7. Qd2 Rb8 8. Nge2 Nd4 9. Nc1 Ne7 10. Nd1 0-0 11. c3 Ndc6 12. Bh6 d5 13. h4 dxe4 14. Bxg7 Kxg7 15. h5 Nf5 16. Bxe4 g5 17. Ne2 Nh6 18. f4 g4 19. Ne3 f5 20. Bxc6 bxc6 21. Nc4 Qd5 22. 0-0-0 Ba6 23. b3 Nf7 24. Qe3 h6 25. Kc2 Rfe8 26. Ne5 Nxe5 27. Qxe5+ Kf7 28. c4 Qxe5 29. fxe5 Bc8 30. Nc3 Ke7 31. Na4 Rf8 32. Nxc5 Bd7 33. Rdf1 Be8 34. d4 Rg8 35. Nd3 Bf7 36. Nf4 a5 37. Rb1 Rb7 38. Kc3 Rgb8 39. a3 Ra7 40. Rb2 Rd8 41. Ng6+ Ke8 42. Nf4 Ke7 43. Rhb1 Rad7 44. Rd2 Ra7 45. Rbd1 Rc7 46. Kb2 Rdc8 47. Rd3 Kf8 48. b4 Kg7 49. c5 Rb8 50. Rb3 Rcb7 51. Rdd3 axb4 52. Rxb4 Rxb4+ 53. axb4 Rxb4+ 54. Ka3 Rc4 55. Kb2 Rb4+ 56. Ka3 Rc4 1/2-1/2

[Event "Online Olym Div3 D"]
[Site "Chess.com INT"]
[Date "2020.08.09"]
[Round "7.2"]
[White "Cordero, Daniela"]
[Black "Abarca Gonzalez, Damaris"]
[Result "0-1"]
[WhiteElo "2010"]
[BlackElo "2047"]
[PlyCount "106"]
[EventDate "2020.08.07"]
[EventType "team-tourn (rapid)"]
[EventRounds "9"]
[EventCountry "USA"]
[SourceTitle "CBM 198"]
[Source "ChessBase"]
[SourceDate "2020.10.31"]
[SourceVersion "1"]
[SourceVersionDate "2020.10.31"]
[SourceQuality "1"]
[WhiteTeam "Bolivia"]
[BlackTeam "Chile"]
[WhiteTeamCountry "BOL"]
[BlackTeamCountry "CHI"]

1. d4 d5 2. Nf3 c6 3. e3 Bf5 4. Bd3 Bxd3 5. Qxd3 Nf6 6. 0-0 e6 7. Nc3 Be7 8. e4 dxe4 9. Nxe4 Nxe4 10. Qxe4 Qd5 11. Qg4 Bf6 12. Bf4 h5 13. Qg3 h4 14. Qg4 h3 15. g3 Nd7 16. Rfd1 0-0-0 17. b3 g5 18. Be3 Rdg8 19. c4 Qf5 20. Qxf5 exf5 21. Rab1 f4 22. Bc1 fxg3 23. fxg3 g4 24. Ne1 Re8 25. Kf1 Re4 26. Bb2 Rhe8 27. Rd2 Bg5 28. Rc2 f5 29. Nd3 Re3 30. Ne5 Nxe5 31. dxe5 f4 32. Bc1 R3xe5 33. gxf4 Rf5 34. Rf2 Ref8 35. Be3 Bxf4 36. Bxf4 Rxf4 37. Rxf4 Rxf4+ 38. Ke2 Kd7 39. Rg1 Ke6 40. Ke3 Kf5 41. Ke2 Re4+ 42. Kd3 c5 43. Rf1+ Rf4 44. Rg1 Rf3+ 45. Ke2 Kf4 46. Rd1 Rc3 47. Rf1+ Ke4 48. Kd2 Rf3 49. Re1+ Kd4 50. Rg1 Rf2+ 51. Ke1 Rxh2 52. Rxg4+ Kc3 53. Kf1 Kb2 0-1

[Event "CHI-ch (Women)"]
[Site "Santiago de Chile"]
[Date "2020.02.20"]
[Round "9"]
[White "Luna Benalcazar, Gianella"]
[Black "Abarca Gonzalez, Damaris"]
[Result "1/2-1/2"]
[WhiteElo "1757"]
[BlackElo "2056"]
[PlyCount "46"]
[EventDate "2020.02.11"]
[EventType "tourn"]
[EventRounds "9"]
[EventCountry "CHI"]
[SourceTitle "CBM 195 Extra"]
[Source "ChessBase"]
[SourceDate "2020.05.31"]
[SourceVersion "1"]
[SourceVersionDate "2020.05.31"]
[SourceQuality "1"]

1. d4 e6 2. c4 Nf6 3. Nc3 Bb4 4. Nf3 b6 5. g3 Bb7 6. Bg2 0-0 7. 0-0 d6 8. Bd2 Nbd7 9. a3 Bxc3 10. Bxc3 Ne4 11. Qc2 f5 12. Ne1 Qg5 13. b4 Ndf6 14. Bb2 Qh5 15. Nd3 Ng4 16. h3 Ngf6 17. Nf4 Qf7 18. d5 e5 19. Ne6 Rfe8 20. g4 g6 21. g5 Nh5 22. Bxe4 fxe4 23. f4 Rxe6 1/2-1/2

[Event "CHI-ch (Women)"]
[Site "Santiago de Chile"]
[Date "2020.02.15"]
[Round "5"]
[White "Abarca Gonzalez, Damaris"]
[Black "Hormazabal Figueroa, Constanza Valentina"]
[Result "1-0"]
[WhiteElo "2056"]
[BlackElo "1786"]
[PlyCount "95"]
[EventDate "2020.02.11"]
[EventType "tourn"]
[EventRounds "9"]
[EventCountry "CHI"]
[SourceTitle "CBM 195 Extra"]
[Source "ChessBase"]
[SourceDate "2020.05.31"]
[SourceVersion "1"]
[SourceVersionDate "2020.05.31"]
[SourceQuality "1"]

1. e4 c6 2. d4 d5 3. e5 c5 4. c3 Nc6 5. Nf3 Bg4 6. Be2 e6 7. 0-0 cxd4 8. Nxd4 Bxe2 9. Qxe2 Nge7 10. Kh1 Nxd4 11. cxd4 Nf5 12. Be3 Be7 13. Nc3 h5 14. Rac1 Rc8 15. Nb5 a6 16. Rxc8 Qxc8 17. Rc1 Qd7 18. Nc7+ Kf8 19. Qd3 Bd8 20. Qb3 Nxe3 21. fxe3 Qc8 22. Qc3 Qd7 23. Qb4+ Kg8 24. Qxb7 Kh7 25. Qc6 Qxc6 26. Rxc6 Bg5 27. Rc3 Rb8 28. b3 Rc8 29. Kg1 Bxe3+ 30. Rxe3 Rxc7 31. Kf2 Rc2+ 32. Re2 Rc3 33. Ke1 Kg6 34. Kd2 Rc7 35. Re3 Kf5 36. Rc3 Rxc3 37. Kxc3 f6 38. exf6 gxf6 39. b4 e5 40. a4 Ke6 41. dxe5 fxe5 42. Kd3 Kd6 43. g3 e4+ 44. Kd4 Ke6 45. h3 Kf5 46. b5 h4 47. gxh4 Kf4 48. b6 1-0